Classifica Marcatori della Coppa Italia in attività - Statistics

Statistiche generali
  • Questo quiz è stato fatto 13 volte
  • Il punteggio medio è 7 su 14
Statistiche sulle risposte
Gol Nazione Periodo Squadre (gol) Calciatore % Corretto
13 Argentina 2012- Juventus (11); Roma (2) Paulo Dybala
100%
12 Italia 2008-2014, 2016- Siena (1); Torino (1); Lazio (10) Ciro Immobile
92%
8 Serbia 2018- Fiorentina (5); Juventus (3) Dušan Vlahović
92%
8 Argentina 2018- Inter (8) Lautaro Martínez
92%
11 Italia 2016- Fiorentina (7); Juventus (4) Federico Chiesa
85%
8 Italia 2011- Torino (79; Roma (1) Andrea Belotti
77%
7 Italia 2004-2006, 2007- Cesena (1); Lazio (1); Inter (4); Salernitana (1) Antonio Candreva
54%
9 Italia 2017-2018, 2019-2022, 2023- Ascoli (4); Genoa (4); Atalanta (1) Gianluca Scamacca
54%
8 Italia 2009-2011, 2012-2013, 2014- Cesena (1); Teramo (2); Genoa (1); Lecce (2); Cagliari (2) Gianluca Lapadula
38%
7 Italia 2010- Genoa (1); Siena (1); Roma (5) Mattia Destro
38%
7 Bosnia ed Erzegovina 2007-2017, 2018- Cesena (3); Crotone (2); Cremonese (1); Verona (1) Milan Đurić
15%
7 Italia 2014-2018, 2020- Verona (2); Spezia (5) Daniele Verde
8%
8 Italia 2012- SPAL (1); Perugia (4); Cagliari (3) Alberto Cerri
0%
7 Italia 2012-2016, 2017- Empoli (7) Leonardo Mancuso
0%
Nessun quiz corrispondente trovato
Distribuzione punteggi
Percentuale di utenti per punteggio
Percentile per numero di risposta
I tuoi punteggi nel tempo
Non hai fatto questo quiz